000 00602nam a2200241Ia 4500
003 OSt
005 20220924144539.0
006 a|||||r|||| 00| 0
007 ta
008 220923b |||||||| |||| 00| 0 urd d
020 _c35.00
024 _a315476
037 _cTextual
040 _aARTS
_cARTS
_burd
041 _2urd
_aurd
082 _aO168,1NJA16,1, M8
100 _aJami Bashir
_9217848
245 0 _aMutthi mein bund samunder
260 _c2002
650 _aURDU POETRY
942 _hO168,1NJA16,1, M8
_cTEXL
_2CC
999 _c457400
_d457400